000 00719nam a2200217Ia 4500
003 GCL
008 140319s9999 xx 000 0 ara d
040 _aGCL /
_cGCL
082 0 4 _a720.284
_bا م
100 1 _aايمن سعدى محمد
245 1 0 _aالمخططات التنفيذية /
_cايمن سعدى محمد
250 _aالاولى
260 _aالاردن :
_bمكتبة المجتمع العربى للنشر والتوزيع ،
_c2005
300 _a219 ص ؛
_c24 سم
650 0 4 _aالرسم الهندسى
650 0 4 _aالعمارة
650 0 4 _aالرسم المعمارى
650 0 4 _aالتصميم الهندسى
650 0 4 _aالعمارة - تصميمات
942 _2ddc
_cBK
999 _c39164
_d39164